000 01329nam a22002897a 4500
001 1521
003 FISKH
005 20231002085453.0
008 230901b cb ||||| |||| 00| 0 fra d
040 _aFISKH
_beng
_cFISKH
_dFISKH
082 _a959.6
100 _aSun Heng Meng Heang
245 _aPromenade a Angkor /
_bAngkor Vat & Bayon :
_cRédigé par Sun Heng Meng Chheang et Huot Sarith Sous la direction de Françoise Récamier
260 _aPhnom Penh :
_bSipar,
_c2018.
300 _a51 pages :
_bcolor illustrations ;
_c20 cm
490 _aJe voudrais savoir
_vTome I
505 _aZ'
520 _aWritten in English, Exploring Angkor Part 1 (Angkor Wat and Bayon) guides readers to know more about Angkor Wat and Bayon temple based on understanding the low reliefs of those temples. Each low relief provides different information and story: some are history, mythology, Indian Epics (Mahabarata and Ramayana) and daily life (Bayon). Moreover, it also demonstrates the belief of Hinduism based on the reliefs.
521 8 _a1000
_bLexile estimate
521 8 _aZ'
_bRaz-Plus
650 _aAngkor Wat
_vBuddhist temples
_xHistory
_yDiscovery
700 _aHuot Sarith
700 _aCunin Olivier
_q
700 _aPorte Bertrand
700 _aSoutif Dominique
942 _2ddc
_cBK
_n0
999 _c1521
_d1521